000 00818nam a2200241Ia 4500
003 OSt
005 20220925222949.0
006 a|||||r|||| 00| 0
007 ta
008 220923b |||||||| |||| 00| 0 eng d
020 _a9780203940136
_c2439.5
037 _b118, 08/08/2008, PIONEER BOOK DISTRIBUTORS
_cGeneral Book
040 _aRTL
_cRTL
_beng
041 _2eng
_aeng
082 _aXM5:6.5, P8
100 _aVan Frederikslust Ruud A.I et al...
_9288678
245 0 _aCorporate governance and corporate finance
_b A European perspective
260 _aLondon
_bRoutldege UK
_c2008
300 _axxi,757p
_ccm.
650 _aCommerce
942 _hXM5:6.5, P8
_cGB
_2CC
999 _c578282
_d578282